|
|
|
|
| LEADER |
01708nam a2200421 a 4500 |
| 001 |
EBC1317000 |
| 003 |
MiAaPQ |
| 005 |
20200520144314.0 |
| 006 |
m o d | |
| 007 |
cr cn||||||||| |
| 008 |
130605s2013 nyuad sb 001 0 eng d |
| 010 |
|
|
|z 2013933704
|
| 020 |
|
|
|z 9781461467762
|
| 020 |
|
|
|z 9781461467779 (e-book)
|
| 035 |
|
|
|a (MiAaPQ)EBC1317000
|
| 035 |
|
|
|a (Au-PeEL)EBL1317000
|
| 035 |
|
|
|a (CaPaEBR)ebr10714346
|
| 035 |
|
|
|a (OCoLC)854975587
|
| 040 |
|
|
|a MiAaPQ
|c MiAaPQ
|d MiAaPQ
|
| 050 |
|
4 |
|a TS155
|b .H36 2013
|
| 082 |
0 |
4 |
|a 670
|2 23
|
| 245 |
0 |
0 |
|a Handbook of stochastic models and analysis of manufacturing system operations
|h [electronic resource] /
|c J. MacGregor Smith, Bars Tan, editors.
|
| 260 |
|
|
|a New York :
|b Springer,
|c 2013.
|
| 300 |
|
|
|a xxviiii, 373 p. :
|b ill. (some col.).
|
| 490 |
1 |
|
|a International series in operations research & management science,
|x 0884-8289 ;
|v v. 192
|
| 504 |
|
|
|a Includes bibliographical references and index.
|
| 533 |
|
|
|a Electronic reproduction. Ann Arbor, MI : ProQuest, 2015. Available via World Wide Web. Access may be limited to ProQuest affiliated libraries.
|
| 650 |
|
0 |
|a Production management
|x Mathematical models.
|
| 650 |
|
0 |
|a Production control
|x Mathematical models.
|
| 650 |
|
0 |
|a Manufacturing processes
|x Mathematical models.
|
| 650 |
|
0 |
|a Stochastic analysis.
|
| 650 |
|
0 |
|a Stochastic processes.
|
| 655 |
|
4 |
|a Electronic books.
|
| 700 |
1 |
|
|a Smith, J. MacGregor.
|
| 700 |
1 |
|
|a Tan, Bars.
|
| 710 |
2 |
|
|a ProQuest (Firm)
|
| 830 |
|
0 |
|a International series in operations research & management science ;
|v v. 192.
|
| 856 |
4 |
0 |
|u https://ebookcentral.proquest.com/lib/matrademy/detail.action?docID=1317000
|z Click to View
|